Włosi w Premier League - Statystyki

Ogólne statystyki
  • Ten quiz został rozwiązany 41 razy
  • Średni wynik to 6 z 15
Answers on the Grid
Answers color-coded by a green-red scale on the quiz's grid according to % correct below.
Gianluca Vialli
Gianfranco Zola
Jorginho
Paolo Maldini
Fabio Quagliarella
Paolo Di Canio
Fabio Cannavaro
Roberto Mancini
Roberto Di Matteo
Alessandro Nesta
Andrea Pirlo
Graziano Pellè
Sandro Tonali
Antonio Di Natale
Roberto Baggio
Antonio Cassano
Fabrizio Ravanelli
Vincenzo Montella
Marco Materazzi
Luca Toni
Moise Kean
Vincenzo Grifo
Mauro Camoranesi
Giuseppe Rossi
Christian Panucci
Thiago Motta
Christian Vieri
Christian Abbiati
Antonio Cassano
Dino Baggio
 
Statystyki odpowiedzi
Odpowiedź % Poprawnych
Jorginho
94%
Gianfranco Zola
82%
Sandro Tonali
70%
Moise Kean
48%
Paolo Di Canio
48%
Graziano Pellè
39%
Gianluca Vialli
36%
Roberto Di Matteo
36%
Roberto Mancini
27%
Fabrizio Ravanelli
21%
Giuseppe Rossi
18%
Christian Panucci
12%
Dino Baggio
9%
Marco Materazzi
9%
Vincenzo Montella
3%
Nie znaleziono quizów pasujących do podanych kryteriów
Rozkład punktacji
Procent ludzi z każdym wynikiem
Percentyl według liczby udzielonych odpowiedzi
Twoja historia wyników
Nie rozwiązałeś tego quizu